<?xml version="1.0" encoding="UTF-8"?>
<marc:record xmlns:marc="http://www.loc.gov/MARC21/slim">
   <marc:leader>00000nam a2200000 a 4500</marc:leader>
   <marc:datafield ind1="1" ind2=" " tag="100">
      <marc:subfield code="a">Mayer, Gina</marc:subfield>
      <marc:subfield code="4">aut</marc:subfield>
      <marc:subfield code="e">Verfasser/-in</marc:subfield>
   </marc:datafield>
   <marc:datafield ind1="0" ind2="0" tag="245">
      <marc:subfield code="a">Glück und Hoffnung</marc:subfield>
   </marc:datafield>
   <marc:datafield ind1=" " ind2="1" tag="264">
      <marc:subfield code="b">Ravensburger Buchverl.</marc:subfield>
      <marc:subfield code="c">2025</marc:subfield>
   </marc:datafield>
   <marc:datafield ind1="1" ind2=" " tag="490">
      <marc:subfield code="a">Pferdeflüsterer-Academy</marc:subfield>
   </marc:datafield>
   <marc:datafield ind1="1" ind2=" " tag="520">
      <marc:subfield code="a">Im wilden Kanada steht ein weißes Schloss: Snowfields. Auf dem Internat werden die weltbesten Reiter ausgebildet und verletzte Pferdeseelen geheilt.
Ein Huftritt der panischen Schimmelstute Befana verändert alles auf einen Schlag: Das Pferd verletzt Zoes besten Freund Cyprian lebensbedrohlich. Jetzt hilft nur noch die Nierenspende eines nahen Verwandten. Zoe und die anderen Pferdeflüsterer geben die Hoffnung nicht auf und suchen nach Cyprians verschwundenem Vater. Dabei stoßen sie auf ein lange gehütetes Geheimnis. Und ihnen dämmert: Hoffnung allein hilft nicht. Was sie jetzt brauchen, ist eine große Portion Glück … </marc:subfield>
   </marc:datafield>
   <marc:datafield ind1=" " ind2=" " tag="020">
      <marc:subfield code="a">9783473404636</marc:subfield>
      <marc:subfield code="9">9783473404636</marc:subfield>
   </marc:datafield>
</marc:record>
